| 000 | 01198nam a2200313 a 4500 | ||
|---|---|---|---|
| 001 | 000115386 | ||
| 003 | CHAP | ||
| 005 | 20220329144532.0 | ||
| 008 | 190516s2018 mx a |sm |||||||spa d | ||
| 010 | _a111847 | ||
| 011 | _a112819 | ||
| 040 | _cCHAP | ||
| 090 | _aTesis | ||
| 100 | 1 |
_aÁvila Valdivia, Alfonso. _9130017 |
|
| 245 | 1 | 0 |
_aEstimación de la densidad en Pinus pseudostrobus a partir de varibles dasométricas en el Estado de México _h[En línea] _cpor Alfonso Ávila Valdivia. |
| 260 |
_aChapingo, Méx. : _bEl autor, _c2018. |
||
| 500 | _aPara ver el contenido del material haga clic en la liga | ||
| 502 | _aTesis (M.C. en Ciencias Forestales) -- UACH. División de Ciencias Forestales | ||
| 590 |
_aE11695DGD _b10 _c20190520 _lUCH01 _h1058 |
||
| 590 |
_aE6337LMJ _b05 _c20190516 _lUCH01 _h1444 |
||
| 590 |
_aE6337LMJ _b05 _c20190516 _lUCH01 _h1445 |
||
| 650 | 1 | 4 |
_aPinus pseudostrobus _xCrecimiento _xModelos matemáticos. _9134668 |
| 650 | 1 | 4 |
_aPinus pseudostrobus _xProductividad. _9127918 |
| 650 | 1 | 4 |
_aPinus pseudostrobus _xRendimiento. _9127919 |
| 856 |
_aFinding aid _uhttp://10.13.5.2/tesis/sist115386.pdf _zTeclea aquí |
||
| 901 | _aBK | ||
| 942 | _cTESIS | ||
| 942 | _n0 | ||
| 999 |
_c111847 _d111847 |
||